000 00881nam a2200193 i 4500
001 147089
003 ES-MaACL
005 20230906201809.0
007 t|
008 070921s1929 fr ||||1| fre d
100 1 _aTurpain, Albert.
_9111752
245 1 0 _aLeçons élémentaires de physique à l'usage des candidats au certificat d'études physiques, chimiques et naturelles (P.C.N.)
_b: Pesanteur. Statique des fluides. Chaleur. Travail et énergie /
_cpar Albert Turpain : avec une préface de P. Garbe.
250 _a8e éd.
260 _aParis :
_b[P. Brodard],
_c1929.
300 _a2 v. :
_bil ;
_c23 cm.
505 8 _aContiene: Tomo I. Pesanteur. Statique des fluides. Chaleur, travail et energie.-- Tomo II Optique geometrique. Etudades vibration acustique. Optique physique. Electricite Meteriologie
700 1 _aGarbe, P.
_9164107
852 _aES-MaACL
_jA-576-77
999 _c147089
_d147089